| 000 | 00424nam a22001457a 4500 | ||
|---|---|---|---|
| 020 | _qPB. | ||
| 040 | _cFIZZA ISHAQ | ||
| 082 |
_a690 _bCHA |
||
| 100 |
_aCharlett, Andrew J. _932227 |
||
| 245 |
_a History Fundamental Building Technology / _cAndrew J. Charlett. |
||
| 250 | _a2ND ED , illustrated. | ||
| 260 |
_aNEW YORK: _bRoutledge, (Taylor & Francis Group) _c2013. |
||
| 300 |
_a372 p. ; _c24.5 x 19 cm |
||
| 942 |
_2ddc _cBK |
||
| 999 |
_c615708 _d615708 |
||